Statistics for Madonna' s Billboard Number 1 Hits

Click here to take the quiz!

General Stats

  • This quiz has been taken 324 times
  • The average score is 7 of 12

Answer Stats

HintAnswer% Correct
1984Like a Virgin
96%
1989Like a Prayer
88%
1990Vogue
88%
1986Papa Don' t Preach
73%
2000Music
70%
1991Justify My Love
46%
1986Live to Tell
45%
1987Open Your Heart
44%
1985Crazy for You
43%
1995Take a Bow
39%
1987Who' s That Girl
37%
1992This Used to Be My Playground
33%

Score Distribution

Percentile by Number Answered

Percent of People with Each Score

Your Score History

You have not taken this quiz